00477nam a22001457a 4500008004100000041000800041082001100049245002400060260003000084650001400114650001400128906002400142999001900166952014600185210707s2014 xx 000 0 und d aeng a052 NG aNational Geographic bNational Geographicc2014 aGeography aGeography aGeographic National c179772d179772 001040708HistoryaALbALd2015-11-06eGeneral AnnualhVol no:44198; Issue no:05-12l0o052 NGpBV0952r2021-07-07 00:00:00w2021-07-07yBV